000 00574nmm a2200169Ia 4500
008 251105s9999||||xx |||||||||||||||||und||
020 _a8477335931
041 _aspa
100 _aMesa Gancedo, Daniel
245 0 _aExtraños semejantes : el personaje artificial y el artefacto narrativo en la literatura hispanoamericana
264 _a[Madrid, España] :
_bPrensas Universitarias de Zaragoza,
_c2002
300 _a405 páginas
490 _aHumanidades
650 _aLatin American literature
856 _uhttps://public.digitaliapublishing.com/a/2116
942 _cCF
999 _c73396
_d73396